Normal view
MARC view
Entry Personal Name
001 - CONTROL NUMBER
- control field: 18119
003 - CONTROL NUMBER IDENTIFIER
- control field: ARRUPE
005 - DATE AND TIME OF LATEST TRANSACTION
- control field: 20150715141305.0
008 - FIXED-LENGTH DATA ELEMENTS
- fixed length control field: 150715|| aca||aabn | a|a d
040 ## - CATALOGING SOURCE
- Original cataloging agency: ARRUPE
- Transcribing agency: ARRUPE
100 ## - HEADING--PERSONAL NAME
- Personal name: Newton, Isaac,
- Dates associated with a name: 1642-1727.
670 ## - SOURCE DATA FOUND
- Source citation: Work cat.: (ARRUPE)0: Turbayne, Colin Murray. 18118, The myth of metaphor., [1970]